Zákon je krokom k stabilizácii pomerov na Slovensku Dôvodová správa k návrhu zákona o priamej voľbe prezidenta SR

Bibliographic Details
Main Author: Ondrušková, Dáša (Author)
Format: Article
Language:Slovak
Subjects:

MARC

LEADER 00000nab a2200000 a 4500
001 vtls000612303
003 SK-MaSNL
005 20260426070846.0
008 201103c1996 xo 0 slo
015 |a SNBRB19rr/mm-uuuuu 
035 |a CL0612442 
040 |a SNKBUCL  |b slo  |c SNKBUCL  |e AACR2 
041 0 |a slo 
044 |a xo  |c SK 
080 |a 324(437.6):342.511  |2 1981 
080 |a 342.511  |2 1981 
100 1 |a Ondrušková, Dáša  |4 aut  |9 803600 
245 1 0 |a Zákon je krokom k stabilizácii pomerov na Slovensku  |b Dôvodová správa k návrhu zákona o priamej voľbe prezidenta SR  |c Dáša Ondrušková 
650 0 7 |a prezidentské voľby  |2 snkbucl  |9 4489 
651 7 |a Slovensko  |2 SNKPHgeo  |9 14231 
655 7 |a články z novín a časopisov  |2 snkbucl  |9 267496 
773 0 |t Národná obroda  |g Roč. 7, č. 296 (19. 12. 1996), s. 1 
850 |a Slovenská národná knižnica v Martine  |a MTA001 
852 |a SNK  |b KIS3GCP 
958 |a SK 
958 |a NX 
958 |a RK 
958 |a RBX 
999 |c 2671925  |d 2673855